Central Library OPAC University of Rajshahi

Naive set theory / (Record no. 6548)

MARC details
000 -LEADER
fixed length control field 00760nam a2200253 a 4500
001 - CONTROL NUMBER
control field 6548
003 - CONTROL NUMBER IDENTIFIER
rucl marc code BD-RjUL
005 - DATE AND TIME OF LATEST TRANSACTION
control field 20211208234249.0
008 - FIXED-LENGTH DATA ELEMENTS--GENERAL INFORMATION
fixed length control field 170503s19641960nju 001 0 eng d
035 ## - SYSTEM CONTROL NUMBER
System control number (BD-RjUL)6589
040 ## - CATALOGING SOURCE
Original cataloging agency DLC
Transcribing agency DLC
Modifying agency BD-RjUL
Language of cataloging eng
041 ## - LANGUAGE CODE
Language code of text/sound track or separate title eng
082 00 - DEWEY DECIMAL CLASSIFICATION NUMBER
Classification number 511.322
Author mark and year HAN 1964
Edition number 23
100 1# - MAIN ENTRY--PERSONAL NAME
Personal name Halmos, Paul R.
Fuller form of name (Paul Richard),
Dates associated with a name 1916-2006.
9 (RLIN) 5359
245 10 - TITLE STATEMENT
Title Naive set theory /
Statement of responsibility, etc. Paul R. Halmos
260 ## - PUBLICATION, DISTRIBUTION, ETC. (IMPRINT)
Place of publication, distribution, etc. Princeton ; N.J. :
Name of publisher, distributor, etc. Van Nostrand,
Date of publication, distribution, etc. c1960 [reprint 1964].
300 ## - PHYSICAL DESCRIPTION
Pagination vii, 104 p. ;
Size 23 cm.
490 0# - SERIES STATEMENT
Series statement The University series in undergraduate mathematics
500 ## - GENERAL NOTE
General note Include index.
650 #0 - SUBJECT ADDED ENTRY--TOPICAL TERM
Topical term or geographic name as entry element Set theory.
9 (RLIN) 6065
Topical term or geographic name as entry element Arithmetic
General subdivision Foundations.
9 (RLIN) 19643
942 ## - ADDED ENTRY ELEMENTS (KOHA)
Source of classification or shelving scheme Dewey Decimal Classification
Koha item type Books
Holdings
Lost status Source of classification or shelving scheme Damaged status Not for loan Collection code Permanent Location Current Location Date acquired Source of acquisition Cost, normal purchase price Total Checkouts Full call number Date last seen Copy number Koha item type Shelving location
  Dewey Decimal Classification     Non-fiction Central Library, University of Rajshahi Central Library, University of Rajshahi 16/11/2065 Zitlinger 27.60   511.322 HAN 1964 11/01/2014 C-4 Books  
  Dewey Decimal Classification     Non-fiction Central Library, University of Rajshahi Central Library, University of Rajshahi 16/11/1965 Zeitlinger 27.60   511.322 HAN 1964 30/08/2016 C-2 Books  
  Dewey Decimal Classification     Non-fiction Central Library, University of Rajshahi Central Library, University of Rajshahi 16/11/1965 Zeitlinger 27.60   511.322 HAN 1964 30/08/2016 C-3 Books  
  Dewey Decimal Classification     Non-fiction Central Library, University of Rajshahi Central Library, University of Rajshahi 16/11/1965 Zeitlinger 27.60   511.322 HAN 1961 30/08/2016 C-5 Books  
  Dewey Decimal Classification   Not For Loan Non-fiction Central Library, University of Rajshahi Central Library, University of Rajshahi 07/03/1964 Zeitlinger 27.00   511.322 HAN 1964 16/04/2017 C-1 Books Reading Room